000 00363nam a2200145Ia 4500
005 20250507103742.0
008 231217s9999 xx 000 0 und d
020 _a9780763752224
082 _a575.12 LEW3;8
100 _aLewin, Benjamin.
245 0 _aGenes IX
260 _c2008
_bJones and Bartlett Publishers
_aBoston
300 _axvii, 892
942 _cAA
999 _c184949
_d184949